EURO 2024 grupy (eliminacje) - Statystyki

Ogólne statystyki
  • Ten quiz został rozwiązany 1 331 razy
  • Średni wynik to 36 z 53
Statystyki odpowiedzi
Grupa % Poprawnych
Grupa E Polska
96%
Grupa E Czechy
90%
Grupa B Francja
89%
Grupa A Hiszpania
88%
Grupa J Portugalia
85%
Grupa E Albania
83%
Grupa C Anglia
82%
Grupa E Mołdawia
81%
Grupa B Holandia
80%
Grupa A Norwegia
79%
Grupa C Włochy
79%
Grupa F Szwecja
78%
Grupa C Ukraina
78%
Grupa F Belgia
77%
Grupa A Szkocja
75%
Grupa D Chorwacja
74%
Grupa J Słowacja
74%
Grupa E Wyspy Owcze
73%
Grupa H Finlandia
71%
Grupa B Irlandia
71%
Grupa H Dania
70%
Grupa F Estonia
70%
Grupa H Słowenia
70%
Grupa F Austria
69%
Grupa B Grecja
69%
Grupa G Litwa
69%
Grupa D Łotwa
69%
Grupa H San Marino
69%
Grupa D Walia
68%
Grupa I Szwajcaria
67%
Grupa A Gruzja
66%
Grupa D Turcja
66%
Grupa G Serbia
64%
Grupa G Węgry
64%
Grupa J Luksemburg
63%
Grupa I Rumunia
61%
Grupa I Andora
60%
Grupa J Islandia
60%
Grupa C Macedonia Północna
59%
Grupa J Liechtenstein
57%
Grupa I Białoruś
55%
Grupa I Kosowo
55%
Grupa C Malta
55%
Grupa J Bośnia i Hercegowina
54%
Grupa G Bułgaria
54%
Grupa A Cypr
53%
Grupa H Irlandia Północna
51%
Grupa G Czarnogóra
50%
Grupa D Armenia
49%
Grupa F Azerbejdżan
46%
Grupa B Gibraltar
46%
Grupa I Izrael
44%
Grupa H Kazachstan
44%
Nie znaleziono quizów pasujących do podanych kryteriów
Rozkład punktacji
Procent ludzi z każdym wynikiem
Percentyl według liczby udzielonych odpowiedzi
Twoja historia wyników
Nie rozwiązałeś tego quizu